000 00267nam a2200121 a 4500
008 101026s1960|||| d
100 1 _aMann, Thomas
245 1 0 _aPán a pes
260 _bSVKL
_aBratislava
_c1960
020 _c4,05
041 _aslo
044 _axo
_cSK
999 _c12291
_d12291